[Event "CAN-ch Universities"]
[Site "Montreal CAN"]
[Date "2025.01.24"]
[Round "1.71"]
[White "Demchenko, Svitlana"]
[Black "Bain-Thouverez, Aurelien"]
[Result "1-0"]
[WhiteElo "2320"]
[BlackElo "1950"]
[WhiteFideId "-1"]
[WhiteFideId "-1"]
[PlyCount "65"]
[GameId "2144521137811631"]
[EventDate "2025.01.24"]
[EventType "team"]
[EventRounds "5"]
[EventCountry "CAN"]
[WhiteTeam "U Ottawa A"]
[BlackTeam "U de Montreal B"]

1. e4 Nf6 2. e5 Nd5 3. c4 Nb6 4. d4 d6 5. exd6 cxd6 6. Nc3 g6 7. Be3 Bg7 8. Rc1 Bf5 9. b3 Nc6 10. g4 Bc8 11. d5 Ne5 12. h3 f5 13. f4 Nf7 14. Bd3 Nh6 15. g5 Nf7 16. Nf3 Nd7 17. Bd4 Bxd4 18. Nxd4 Nc5 19. b4 e5 20. dxe6 Nxe6 21. Qe2 Nfxg5 22. fxg5 Qxg5 23. Kd1 Kf7 24. Nxe6 Bxe6 25. Nb5 Rad8 26. Re1 Rhe8 27. Nc7 Bd7 28. Nxe8 Rxe8 29. Qf2 Ba4+ 30. Bc2 Qh5+ 31. Kd2 Qh6+ 32. Kc3 Bc6 33. Rxe8 1-0

[Event "CAN-ch Universities"]
[Site "Montreal CAN"]
[Date "2025.01.24"]
[Round "1.72"]
[White "Porlier, Xavier"]
[Black "Rousskikh, Maxim"]
[Result "1-0"]
[WhiteElo "1948"]
[BlackElo "2137"]
[WhiteFideId "-1"]
[WhiteFideId "-1"]
[PlyCount "87"]
[GameId "2144521137811632"]
[EventDate "2025.01.24"]
[EventType "team"]
[EventRounds "5"]
[EventCountry "CAN"]
[WhiteTeam "U de Montreal B"]
[BlackTeam "U Ottawa A"]

1. e4 c6 2. d4 d5 3. exd5 cxd5 4. Nf3 Nc6 5. c4 Nf6 6. Nc3 a6 7. cxd5 Nxd5 8. Bc4 Be6 9. Bb3 Na5 10. O-O g6 11. Re1 Bg7 12. Ng5 Nxc3 13. bxc3 Bd5 14. Ba3 e6 15. Qg4 Bf6 16. Bxd5 Qxd5 17. Ne4 Be7 18. Bxe7 Kxe7 19. Qh4+ Kf8 20. Qf6 Kg8 21. Qh4 Kg7 22. Qf6+ Kg8 23. Ng5 Qf5 24. Qe7 Rf8 25. Ne4 Kg7 26. Nc5 Nc6 27. Qxb7 Rc8 28. Nxe6+ Kh6 29. Nc5 Rhd8 30. Qxa6 Qd5 31. Qe2 Kg7 32. Qe4 Qc4 33. Rec1 Re8 34. Qd3 Qd5 35. h3 Na5 36. c4 Qd6 37. Qc3 Nc6 38. d5+ Ne5 39. Ne4 Qd7 40. Qd4 Qa4 41. Nd6 f6 42. Nxe8+ Rxe8 43. d6 Rd8 44. Qd5 1-0

[Event "CAN-ch Universities"]
[Site "Montreal CAN"]
[Date "2025.01.24"]
[Round "1.73"]
[White "Pitre, Lucas"]
[Black "Gonzalez, Frederic"]
[Result "1-0"]
[WhiteElo "1951"]
[BlackElo "1725"]
[WhiteFideId "-1"]
[WhiteFideId "-1"]
[PlyCount "67"]
[GameId "2144521137811633"]
[EventDate "2025.01.24"]
[EventType "team"]
[EventRounds "5"]
[EventCountry "CAN"]
[WhiteTeam "U Ottawa A"]
[BlackTeam "U de Montreal B"]

1. e4 c6 2. Nf3 d5 3. d3 dxe4 4. dxe4 Qc7 5. Bc4 Nf6 6. e5 Nd5 7. O-O e6 8. Re1 Nd7 9. a3 b5 10. Bf1 a6 11. c4 N5b6 12. Bf4 Be7 13. Nbd2 b4 14. axb4 Bxb4 15. Bd3 Bb7 16. Ng5 Nc5 17. Bf1 h6 18. Nge4 Nxe4 19. Nxe4 Bxe1 20. Nd6+ Ke7 21. Qxe1 Rhb8 22. Qa5 Bc8 23. Be3 Bd7 24. Qc5 Kd8 25. Nxf7+ Ke8 26. Nd6+ Kd8 27. Bd3 Be8 28. Nxe8 Kxe8 29. Bg6+ Kd7 30. Rd1+ Kc8 31. Rd6 Kb7 32. Be4 Rd8 33. Bxc6+ Ka7 34. Bxa8 1-0

[Event "CAN-ch Universities"]
[Site "Montreal CAN"]
[Date "2025.01.24"]
[Round "1.74"]
[White "Jean, Alexandre"]
[Black "Mullur, Neerav"]
[Result "1-0"]
[WhiteElo "1585"]
[BlackElo "1902"]
[WhiteFideId "-1"]
[WhiteFideId "-1"]
[PlyCount "49"]
[GameId "2144521137811634"]
[EventDate "2025.01.24"]
[EventType "team"]
[EventRounds "5"]
[EventCountry "CAN"]
[WhiteTeam "U de Montreal B"]
[BlackTeam "U Ottawa A"]

1. e4 e5 2. Nc3 Nf6 3. f4 d5 4. fxe5 Nxe4 5. d3 Nxc3 6. bxc3 d4 7. Nf3 Nc6 8. cxd4 Nxd4 9. c3 Nxf3+ 10. Qxf3 c5 11. d4 Qa5 12. Bc4 Be6 13. d5 Bf5 14. O-O Bg6 15. d6 O-O-O 16. Bxf7 Bxf7 17. Qxf7 Rd7 18. Qe8+ Qd8 19. Qe6 Kb8 20. Rb1 g5 21. Bxg5 Qc8 22. Rf7 Rxf7 23. Qxf7 Bxd6 24. exd6 Rg8 25. d7 1-0

[Event "CAN-ch Universities"]
[Site "Montreal CAN"]
[Date "2025.01.24"]
[Round "1.81"]
[White "Nasir, Zehn"]
[Black "Martinez Mulet, Dario Leonel"]
[Result "1/2-1/2"]
[WhiteElo "2219"]
[BlackElo "2258"]
[WhiteFideId "-1"]
[WhiteFideId "-1"]
[PlyCount "82"]
[GameId "2144521137811635"]
[EventDate "2025.01.24"]
[EventType "team"]
[EventRounds "5"]
[EventCountry "CAN"]
[WhiteTeam "York A"]
[BlackTeam "Concordia A"]

1. d4 Nf6 2. Bf4 c5 3. dxc5 Na6 4. Qd4 Qa5+ 5. Nc3 Qxc5 6. e3 Qxd4 7. exd4 Nb4 8. O-O-O d6 9. a3 Nbd5 10. Nxd5 Nxd5 11. Bg3 g6 12. Re1 Bh6+ 13. Kd1 Bg4+ 14. Be2 Bxe2+ 15. Kxe2 Rc8 16. Kd3 Kd7 17. c4 Nf6 18. Nf3 Nh5 19. a4 g5 20. h3 Rhg8 21. Bh2 Nf4+ 22. Bxf4 gxf4 23. Rhg1 Rg7 24. g4 fxg3 25. Rxg3 Rg6 26. Rxg6 hxg6 27. b4 Bg7 28. Re4 Bf6 29. h4 Rh8 30. Rf4 Rh5 31. Ke2 a6 32. a5 d5 33. cxd5 Rxd5 34. Kd3 Kc6 35. Kc4 Rh5 36. Ng5 Bxg5 37. hxg5 Rh7 38. Re4 Kd6 39. Rf4 Kc6 40. Re4 Kd6 41. Rf4 Kc6 1/2-1/2

[Event "CAN-ch Universities"]
[Site "Montreal CAN"]
[Date "2025.01.24"]
[Round "1.82"]
[White "Saha, Ananda"]
[Black "Chertkow, Matthew"]
[Result "1-0"]
[WhiteElo "2206"]
[BlackElo "1845"]
[WhiteFideId "-1"]
[WhiteFideId "-1"]
[PlyCount "75"]
[GameId "2144521137811636"]
[EventDate "2025.01.24"]
[EventType "team"]
[EventRounds "5"]
[EventCountry "CAN"]
[WhiteTeam "Concordia A"]
[BlackTeam "York A"]

1. d4 Nf6 2. Bg5 Ne4 3. Bf4 d5 4. f3 Nd6 5. Nc3 e6 6. e4 dxe4 7. fxe4 Nc6 8. Nf3 Be7 9. Be2 O-O 10. O-O f5 11. Bxd6 cxd6 12. exf5 exf5 13. Nd5 Bf6 14. c3 Kh8 15. Qd2 Ne7 16. Nxf6 Rxf6 17. Bc4 d5 18. Bd3 Nc6 19. Rae1 Bd7 20. Re2 Qc7 21. Rfe1 Raf8 22. Bb5 Qd6 23. Bxc6 Bxc6 24. Re7 R8f7 25. Rxf7 Rxf7 26. Ne5 Rf8 27. Qg5 Be8 28. Nf3 Kg8 29. Re7 Bf7 30. Nh4 Bg6 31. Rxb7 Re8 32. Rxg7+ Kh8 33. Nxg6+ Kxg7 34. Ne5+ Kf8 35. Qxf5+ Ke7 36. Qxh7+ Kf6 37. Qf7+ Kg5 38. h4+ 1-0

[Event "CAN-ch Universities"]
[Site "Montreal CAN"]
[Date "2025.01.24"]
[Round "1.83"]
[White "Hosseini, Mohammad Mahdi"]
[Black "Ruiz-Proano, Esteban"]
[Result "0-1"]
[WhiteElo "1614"]
[BlackElo "1912"]
[WhiteFideId "-1"]
[WhiteFideId "-1"]
[PlyCount "98"]
[GameId "2144521137819829"]
[EventDate "2025.01.24"]
[EventType "team"]
[EventRounds "5"]
[EventCountry "CAN"]
[WhiteTeam "York A"]
[BlackTeam "Concordia A"]

1. e4 c6 2. Nc3 d5 3. Nf3 Bg4 4. Be2 Nf6 5. h3 Bxf3 6. Bxf3 e6 7. O-O Bb4 8. exd5 cxd5 9. Qe2 Nc6 10. Qb5 Qc7 11. Ne2 a6 12. Qa4 Bd6 13. c3 h6 14. d4 b5 15. Qc2 g5 16. Be3 Rg8 17. Qd2 Rg6 18. a4 Rb8 19. axb5 axb5 20. Ra2 Ke7 21. Rfa1 Rbg8 22. Ra8 Qb7 23. Rxg8 Rxg8 24. b4 Nd7 25. Qa2 f5 26. g4 f4 27. Bd2 Nb6 28. Qa6 Qxa6 29. Rxa6 Nc4 30. Be1 Rc8 31. Nc1 Nb2 32. Rb6 Nxd4 33. Rb7+ Kf6 34. Kg2 Na4 35. Na2 Nxf3 36. Kxf3 Be5 37. Rh7 Nxc3 38. Bxc3 Bxc3 39. Rxh6+ Kf7 40. Rh7+ Bg7 41. Rh5 Rc2 42. Rxg5 Rxa2 43. Rh5 e5 44. Rf5+ Ke6 45. Rg5 Bf6 46. Rg8 Ra3+ 47. Kg2 e4 48. Rb8 Be5 49. Rxb5 f3+ 0-1

[Event "CAN-ch Universities"]
[Site "Montreal CAN"]
[Date "2025.01.25"]
[Round "2.12"]
[White "Noritsyn, Sergey"]
[Black "Saha, Ananda"]
[Result "1-0"]
[WhiteElo "2456"]
[BlackElo "2206"]
[WhiteFideId "-1"]
[WhiteFideId "-1"]
[PlyCount "143"]
[GameId "2144521137819832"]
[EventDate "2025.01.24"]
[EventType "team"]
[EventRounds "5"]
[EventCountry "CAN"]
[WhiteTeam "U Toronto A"]
[BlackTeam "Concordia A"]

1. e4 e6 2. Nf3 d5 3. e5 c5 4. c3 d4 5. d3 Ne7 6. g3 Nbc6 7. Bg2 Ng6 8. Qe2 Qc7 9. cxd4 Nxd4 10. Nxd4 cxd4 11. O-O Qxe5 12. Be4 f5 13. f4 Qf6 14. Bg2 Be7 15. Nd2 O-O 16. Nc4 Rb8 17. Bd2 Bd7 18. h4 b5 19. Na5 Rbc8 20. Rac1 Nh8 21. Nc6 Bxc6 22. Bxc6 Nf7 23. Bd7 Rxc1 24. Rxc1 e5 25. Bxb5 Qg6 26. Kh2 Bd6 27. Rc6 Qg4 28. Qxg4 fxg4 29. Bc4 Bb8 30. fxe5 Bxe5 31. Re6 Bf6 32. Rc6 Be5 33. Rc5 Re8 34. Rb5 Bd6 35. Rf5 Re7 36. h5 g6 37. hxg6 hxg6 38. Rxf7 Rxf7 39. Bf4 Bc5 40. Kg2 Kf8 41. Bxf7 Kxf7 42. Kf2 Ke6 43. Ke2 Kd5 44. Kd2 Bb4+ 45. Kc2 Be1 46. a3 Ba5 47. b4 Bb6 48. Kb3 a6 49. a4 Bd8 50. b5 axb5 51. axb5 Bb6 52. Bb8 Ba5 53. Bf4 Kc5 54. Ka4 Be1 55. Bc7 Bc3 56. Ba5 Bb2 57. Bb4+ Kb6 58. Ba5+ Kc5 59. Bd2 Bc3 60. Bxc3 dxc3 61. Kb3 Kxb5 62. Kxc3 Kc5 63. d4+ Kd5 64. Kd3 Kd6 65. Ke4 Ke6 66. d5+ Kd6 67. Kd4 Kd7 68. Ke5 Ke7 69. d6+ Kd7 70. Kd5 Kd8 71. Ke6 Ke8 72. d7+ 1-0

[Event "CAN-ch Universities"]
[Site "Montreal CAN"]
[Date "2025.01.25"]
[Round "2.13"]
[White "Ruiz-Proano, Esteban"]
[Black "Rusonik, Max"]
[Result "0-1"]
[WhiteElo "1912"]
[BlackElo "2414"]
[WhiteFideId "-1"]
[WhiteFideId "-1"]
[PlyCount "80"]
[GameId "2144521137819833"]
[EventDate "2025.01.24"]
[EventType "team"]
[EventRounds "5"]
[EventCountry "CAN"]
[WhiteTeam "Concordia A"]
[BlackTeam "U Toronto A"]

1. Nf3 d5 2. d4 Nf6 3. g3 c5 4. c4 dxc4 5. Qa4+ Nc6 6. dxc5 e5 7. Bg2 Bd7 8. Qxc4 Qa5+ 9. Nc3 Bxc5 10. O-O Be6 11. Qb5 Qxb5 12. Nxb5 Rc8 13. a3 Ke7 14. b4 Bb6 15. Bb2 a6 16. Nc3 e4 17. Ng5 e3 18. Na4 exf2+ 19. Kh1 Be3 20. Nxe6 fxe6 21. Bc1 Bd4 22. Bb2 Be3 23. Bc1 Bd4 24. Bb2 Bxb2 25. Nxb2 Ng4 26. Bf3 Ne3 27. Rxf2 Nc2 28. Raf1 Rhf8 29. Nc4 b5 30. Bxc6 Rxf2 31. Rxf2 bxc4 32. Bb7 Rc7 33. Bxa6 Ne3 34. Rf3 c3 35. Bd3 c2 36. Bxc2 Nxc2 37. Rb3 Ra7 38. b5 Rxa3 39. Rb2 Ne3 40. Kg1 Ra1+ 0-1

[Event "CAN-ch Universities"]
[Site "Montreal CAN"]
[Date "2025.01.25"]
[Round "2.14"]
[White "Mao, Fengxi"]
[Black "Mahfoudh, Baha Eddine"]
[Result "0-1"]
[WhiteElo "2359"]
[BlackElo "1794"]
[WhiteFideId "-1"]
[WhiteFideId "-1"]
[PlyCount "78"]
[GameId "2144521137819834"]
[EventDate "2025.01.24"]
[EventType "team"]
[EventRounds "5"]
[EventCountry "CAN"]
[WhiteTeam "U Toronto A"]
[BlackTeam "Concordia A"]

1. Nf3 f5 2. b3 d6 3. d4 Nf6 4. Bb2 g6 5. e3 Bg7 6. Be2 O-O 7. O-O Ne4 8. Nbd2 c6 9. Bd3 Nxd2 10. Qxd2 Nd7 11. Bc4+ d5 12. Be2 Nf6 13. c4 Ne4 14. Qc2 f4 15. Bd3 Nf6 16. exf4 Nh5 17. g3 Bh3 18. Rfc1 Nxf4 19. gxf4 Rxf4 20. Ne1 e5 21. Bf1 Qg5+ 22. Bg2 e4 23. Qd2 Raf8 24. Rc3 Rxf2 25. Qxf2 Rxf2 26. Rg3 Qd2 27. Bc3 Rxg2+ 28. Nxg2 Bxd4+ 29. Kh1 Bxg2+ 30. Rxg2 Qxc3 31. Rd1 e3 32. Re2 dxc4 33. Kg2 cxb3 34. axb3 Bb6 35. Rd7 Qxb3 36. Rxb7 Qd5+ 37. Kg3 c5 38. Rb8+ Kg7 39. Rc8 Qg5+ 0-1

[Event "CAN-ch Universities"]
[Site "Montreal CAN"]
[Date "2025.01.25"]
[Round "2.21"]
[White "Kang, Dorian"]
[Black "Hua, Eugene"]
[Result "1/2-1/2"]
[WhiteElo "2302"]
[BlackElo "2337"]
[WhiteFideId "-1"]
[WhiteFideId "-1"]
[PlyCount "90"]
[GameId "2144521137819835"]
[EventDate "2025.01.24"]
[EventType "team"]
[EventRounds "5"]
[EventCountry "CAN"]
[WhiteTeam "Waterloo A"]
[BlackTeam "McMaster A"]

1. e4 c5 2. Nf3 e6 3. c3 Nf6 4. Bd3 d5 5. e5 Nfd7 6. Bc2 c4 7. d4 cxd3 8. Bxd3 Nc6 9. Bf4 b6 10. h4 h6 11. O-O Be7 12. h5 Bb7 13. Re1 Rc8 14. Nd4 Nc5 15. Bb5 O-O 16. Qg4 Bg5 17. Nd2 Nxd4 18. cxd4 Ne4 19. Nf3 Bxf4 20. Qxf4 Rc2 21. Re2 Qc7 22. Ne1 Rxe2 23. Bxe2 Rc8 24. f3 Ng5 25. Qe3 Qd7 26. a4 Qe7 27. Qa3 Qd8 28. a5 Bc6 29. b4 Be8 30. axb6 Qxb6 31. Qxa7 Qxb4 32. Kf2 Qd2 33. Ra2 Qf4 34. Bd3 Ne4+ 35. Bxe4 dxe4 36. Qb7 Qh4+ 37. Ke2 Rc1 38. Nc2 Qh1 39. Qxe4 Qxg2+ 40. Kd3 Rd1+ 41. Kc4 Qd2 42. Ra8 Kf8 43. Rxe8+ Kxe8 44. Qa8+ Kd7 45. Qb7+ Kd8 1/2-1/2

[Event "CAN-ch Universities"]
[Site "Montreal CAN"]
[Date "2025.01.25"]
[Round "2.22"]
[White "Gao, Raymond"]
[Black "Lalonde, Olivier"]
[Result "0-1"]
[WhiteElo "2216"]
[BlackElo "2276"]
[WhiteFideId "-1"]
[WhiteFideId "-1"]
[PlyCount "104"]
[GameId "2144521137819836"]
[EventDate "2025.01.24"]
[EventType "team"]
[EventRounds "5"]
[EventCountry "CAN"]
[WhiteTeam "McMaster A"]
[BlackTeam "Waterloo A"]

1. e4 c5 2. Nf3 d6 3. Bc4 Nc6 4. O-O Nf6 5. d3 Bg4 6. c3 a6 7. Nbd2 g6 8. Bb3 Bg7 9. h3 Bxf3 10. Nxf3 O-O 11. Re1 Nd7 12. d4 b5 13. Be3 Na5 14. Bc2 Nc4 15. Bc1 Rb8 16. b3 Na5 17. Be3 Nc6 18. a3 a5 19. e5 cxd4 20. cxd4 dxe5 21. d5 Nd4 22. Nxd4 exd4 23. Bxd4 Bxd4 24. Qxd4 Nb6 25. Be4 Qd6 26. Bf3 Rfc8 27. g3 Rc5 28. h4 e6 29. h5 Nxd5 30. hxg6 hxg6 31. Kg2 Kf8 32. Rh1 Ke7 33. Rh7 Rf8 34. Rd1 Qc7 35. Rh8 Rxh8 36. Qxh8 Nf6 37. Qa8 g5 38. b4 Rc3 39. bxa5 Rxa3 40. a6 g4 41. Bb7 Qb6 42. Rd2 b4 43. Bc8 Ra5 44. Rc2 Nd5 45. Rc6 Qd4 46. Qb7+ Kf6 47. Rc2 Qe4+ 48. Kh2 Qxc2 49. Qa7 Rc5 50. Kg1 Qd1+ 51. Kh2 Rc1 52. Qd4+ Qxd4 0-1

[Event "CAN-ch Universities"]
[Site "Montreal CAN"]
[Date "2025.01.25"]
[Round "2.23"]
[White "Surya, Benito"]
[Black "Zaka, Mohid"]
[Result "1-0"]
[WhiteElo "2198"]
[BlackElo "1948"]
[WhiteFideId "-1"]
[WhiteFideId "-1"]
[PlyCount "109"]
[GameId "2144521137819837"]
[EventDate "2025.01.24"]
[EventType "team"]
[EventRounds "5"]
[EventCountry "CAN"]
[WhiteTeam "Waterloo A"]
[BlackTeam "McMaster A"]

1. e4 c6 2. d4 d5 3. exd5 cxd5 4. Bd3 Nc6 5. c3 Nf6 6. h3 Qc7 7. Ne2 e6 8. Bf4 Bd6 9. Bxd6 Qxd6 10. O-O O-O 11. Nd2 e5 12. dxe5 Nxe5 13. Nb3 Be6 14. Ng3 Qc7 15. Re1 a6 16. Nd4 Bd7 17. Nh5 Ne8 18. Bf5 Bc6 19. Nxc6 bxc6 20. Qd4 f6 21. Nf4 Qa7 22. Qxa7 Rxa7 23. Ne6 g6 24. Nxf8 Kxf8 25. Bc2 Kf7 26. Ba4 Rc7 27. Bb3 Nd6 28. Rad1 g5 29. Rd4 Re7 30. Kf1 Rb7 31. Red1 a5 32. g3 Ke7 33. Kg2 Nf5 34. R4d2 h5 35. Re2 g4 36. hxg4 hxg4 37. Rh1 Kd6 38. Rh8 Ne7 39. Rf8 Ke6 40. Ra8 c5 41. Rxa5 c4 42. Bc2 N7c6 43. Ra6 Kd6 44. Bf5 Rg7 45. Rd2 Kc5 46. Be6 Nd7 47. b4+ Kb5 48. Ra8 Nce5 49. a4+ Kc6 50. Ra6+ Kb7 51. b5 Rg5 52. Bxd5+ Kb8 53. b6 Kc8 54. Ra8+ Nb8 55. b7+ 1-0

[Event "CAN-ch Universities"]
[Site "Montreal CAN"]
[Date "2025.01.25"]
[Round "2.24"]
[White "Wong, Francisco"]
[Black "Momin, Fayzan"]
[Result "0-1"]
[WhiteElo "2002"]
[BlackElo "2192"]
[WhiteFideId "-1"]
[WhiteFideId "-1"]
[PlyCount "116"]
[GameId "2144521137819838"]
[EventDate "2025.01.24"]
[EventType "team"]
[EventRounds "5"]
[EventCountry "CAN"]
[WhiteTeam "McMaster A"]
[BlackTeam "Waterloo A"]

1. e4 c5 2. Nc3 a6 3. d4 cxd4 4. Qxd4 Nc6 5. Qd3 Nf6 6. Bg5 e6 7. O-O-O Qa5 8. Bxf6 gxf6 9. Kb1 b5 10. f4 Qc7 11. g3 Bb7 12. Bg2 O-O-O 13. Nge2 Bc5 14. Nc1 Kb8 15. Nb3 Bb6 16. Qd6 Qxd6 17. Rxd6 Bc7 18. Rd2 d6 19. Rf1 Ne7 20. a3 h5 21. f5 e5 22. Bh3 Bb6 23. Rfd1 Kc7 24. Rd3 Bc6 25. Nc1 Rd7 26. N1e2 Bb7 27. b4 Rhd8 28. Nd5+ Nxd5 29. exd5 Rc8 30. Nc3 Kd8 31. Ne4 Ke7 32. c3 Rdc7 33. Bg2 Rg8 34. Bf3 Bc8 35. Bxh5 Bxf5 36. Bf3 Rc4 37. Re1 Bg6 38. Kb2 f5 39. Nd2 Rcc8 40. Nf1 f4 41. Rd2 fxg3 42. hxg3 f5 43. Rh2 Rh8 44. Ree2 Kf6 45. Rxh8 Rxh8 46. Rh2 Rxh2+ 47. Nxh2 e4 48. Be2 Ke5 49. c4 Be8 50. Nf1 Bf2 51. a4 bxc4 52. Bxc4 Bxa4 53. Bxa6 Kxd5 54. Kc3 Be1+ 55. Kb2 Kd4 56. b5 Ba5 57. Ka3 Bd1 58. Bc8 Bg4 0-1

[Event "CAN-ch Universities"]
[Site "Montreal CAN"]
[Date "2025.01.25"]
[Round "2.31"]
[White "Zhang, Henry"]
[Black "Tanaka, Tyler"]
[Result "0-1"]
[WhiteElo "2222"]
[BlackElo "2377"]
[WhiteFideId "-1"]
[WhiteFideId "-1"]
[PlyCount "50"]
[GameId "2144521137819839"]
[EventDate "2025.01.24"]
[EventType "team"]
[EventRounds "5"]
[EventCountry "CAN"]
[WhiteTeam "U Toronto B"]
[BlackTeam "McGill A"]

1. e4 e5 2. Nf3 Nc6 3. Bc4 Nf6 4. d3 Bc5 5. O-O d6 6. c3 a6 7. Bb3 Ba7 8. Nbd2 O-O 9. Re1 Ng4 10. Re2 Kh8 11. h3 f5 12. exf5 Nh6 13. g4 Nxf5 14. gxf5 Bxf5 15. Ne4 Qe8 16. Nfg5 h6 17. h4 hxg5 18. hxg5 Bg4 19. Qf1 Qh5 20. Re1 Bh3 21. Qe2 Rf3 22. Be3 Qg4+ 23. Ng3 Bxe3 24. fxe3 Rxg3+ 25. Kh1 Bg2+ 0-1

[Event "CAN-ch Universities"]
[Site "Montreal CAN"]
[Date "2025.01.25"]
[Round "2.32"]
[White "Genzling, Jerome"]
[Black "Zheng, Victor"]
[Result "1/2-1/2"]
[WhiteElo "2219"]
[BlackElo "2192"]
[WhiteFideId "-1"]
[WhiteFideId "-1"]
[PlyCount "106"]
[GameId "2144521137819840"]
[EventDate "2025.01.24"]
[EventType "team"]
[EventRounds "5"]
[EventCountry "CAN"]
[WhiteTeam "McGill A"]
[BlackTeam "U Toronto B"]

1. e4 d6 2. d4 Nf6 3. Nc3 g6 4. f4 Bg7 5. a3 O-O 6. Nf3 c5 7. dxc5 dxc5 8. Be3 Qa5 9. Bd2 Nc6 10. e5 Ng4 11. h3 Nh6 12. g4 Rd8 13. Bc4 Qc7 14. Qe2 e6 15. O-O-O a6 16. Be3 b5 17. Ba2 c4 18. Rxd8+ Nxd8 19. Ne4 Bb7 20. Bd4 Nc6 21. Rd1 Rd8 22. Qe3 Ne7 23. Nfg5 Nd5 24. Qf2 Bf8 25. c3 a5 26. Bb1 b4 27. axb4 axb4 28. f5 exf5 29. gxf5 bxc3 30. Nxc3 Nxc3 31. fxg6 hxg6 32. Bxc3 Rxd1+ 33. Kxd1 Qd7+ 34. Qd4 Qxd4+ 35. Bxd4 Nf5 36. Bc3 Ne3+ 37. Ke2 Nd5 38. Bd2 Bg7 39. Nf3 Nb6 40. Bc3 Nd7 41. e6 fxe6 42. Ng5 Nf8 43. Bb4 Bxb2 44. Bxf8 Kxf8 45. Nxe6+ Ke7 46. Nc5 Bc8 47. Bxg6 Bxh3 48. Kd2 Kd6 49. Na4 Bd4 50. Nc3 Kc5 51. Bf7 Kb4 52. Nd5+ Kb3 53. Ne3 Bxe3+ 1/2-1/2

[Event "CAN-ch Universities"]
[Site "Montreal CAN"]
[Date "2025.01.25"]
[Round "2.33"]
[White "Qiao, Cindy"]
[Black "Wu, Tony"]
[Result "0-1"]
[WhiteElo "2147"]
[BlackElo "2130"]
[WhiteFideId "-1"]
[WhiteFideId "-1"]
[PlyCount "72"]
[GameId "2144521137819841"]
[EventDate "2025.01.24"]
[EventType "team"]
[EventRounds "5"]
[EventCountry "CAN"]
[WhiteTeam "U Toronto B"]
[BlackTeam "McGill A"]

1. d4 Nf6 2. Bf4 e6 3. e3 Be7 4. h3 b6 5. Nf3 Bb7 6. Nbd2 d6 7. Be2 Nbd7 8. O-O O-O 9. Re1 Re8 10. Bf1 Bf8 11. e4 e5 12. dxe5 dxe5 13. Bg5 a6 14. c3 Be7 15. Qc2 Nh5 16. Bxe7 Qxe7 17. Nc4 Qf6 18. b4 Nf4 19. Nh2 Qg6 20. Kh1 Nf6 21. f3 Qg3 22. Ne3 Bc8 23. Nhg4 Bxg4 24. fxg4 g6 25. Nc4 Qh4 26. Kg1 h5 27. gxh5 N6xh5 28. Qf2 Qg5 29. Kh2 Rad8 30. Rad1 Rxd1 31. Rxd1 Nf6 32. Qf3 Kg7 33. g3 N4h5 34. Bd3 Rd8 35. Ne3 b5 36. h4 Qxe3 0-1

[Event "CAN-ch Universities"]
[Site "Montreal CAN"]
[Date "2025.01.25"]
[Round "2.34"]
[White "Stoica, Savas Marin"]
[Black "Wang, Bingfei"]
[Result "0-1"]
[WhiteElo "1992"]
[BlackElo "2071"]
[WhiteFideId "-1"]
[WhiteFideId "-1"]
[PlyCount "132"]
[GameId "2144521137819842"]
[EventDate "2025.01.24"]
[EventType "team"]
[EventRounds "5"]
[EventCountry "CAN"]
[WhiteTeam "McGill A"]
[BlackTeam "U Toronto B"]

1. d4 d5 2. c4 e6 3. Nf3 Nf6 4. g3 c5 5. cxd5 exd5 6. Bg2 Nc6 7. O-O h6 8. Nc3 Be6 9. b3 Rc8 10. Bb2 Be7 11. dxc5 Bxc5 12. Rc1 O-O 13. Na4 Be7 14. Nd4 Nxd4 15. Qxd4 Qa5 16. Rfd1 Rfd8 17. Qd3 Rc6 18. Rxc6 bxc6 19. Rc1 c5 20. Bc3 Qc7 21. Bd4 c4 22. Qc2 Rc8 23. Qd1 Qa5 24. h3 Ba3 25. Ra1 c3 26. Qc2 Ne4 27. Bxe4 dxe4 28. Bxc3 Bxh3 29. Rd1 e3 30. Bxa5 Rxc2 31. Nc3 Bb2 32. Rd3 exf2+ 33. Kxf2 Bf5 34. Rd8+ Kh7 35. Nd1 Bf6 36. Rd2 Rc1 37. Ne3 Be6 38. Rd1 Rc5 39. Bd8 Be5 40. Be7 Rc6 41. Bb4 Kg6 42. Ng2 Kh7 43. Nf4 Bg4 44. Rd5 Bc7 45. Ba5 Bd6 46. Bd2 Bc5+ 47. Be3 Bxe3+ 48. Kxe3 g5 49. Nd3 Rc2 50. Ne5 Rxe2+ 51. Kd3 Be6 52. Kxe2 Bxd5 53. Nd7 Kg6 54. Nc5 h5 55. a3 h4 56. gxh4 gxh4 57. Kf2 Kf5 58. Kg1 Ke5 59. Kh2 Kd4 60. b4 Be6 61. Nb7 Kc4 62. Nd6+ Kb3 63. Nb5 a6 64. Nc7 Bc4 65. Kh3 Kxa3 66. Kxh4 Kxb4 0-1

[Event "CAN-ch Universities"]
[Site "Montreal CAN"]
[Date "2025.01.25"]
[Round "2.41"]
[White "Yu, Zong Yang"]
[Black "Demchenko, Svitlana"]
[Result "1/2-1/2"]
[WhiteElo "2477"]
[BlackElo "2320"]
[WhiteFideId "-1"]
[WhiteFideId "-1"]
[PlyCount "137"]
[GameId "2144521137819843"]
[EventDate "2025.01.24"]
[EventType "team"]
[EventRounds "5"]
[EventCountry "CAN"]
[WhiteTeam "U de Montreal A"]
[BlackTeam "U Ottawa A"]

1. d4 d5 2. c4 e6 3. Nf3 h6 4. g3 Nf6 5. Bg2 Bd6 6. O-O O-O 7. Nc3 Nc6 8. Bf4 Bxf4 9. gxf4 b6 10. Ne5 Bb7 11. cxd5 exd5 12. e3 Ne7 13. Kh1 c5 14. dxc5 bxc5 15. Ng4 Nxg4 16. Qxg4 Rb8 17. Rad1 d4 18. Rg1 g6 19. Bxb7 Rxb7 20. exd4 cxd4 21. f5 Qc8 22. Rxd4 Qxf5 23. Qxf5 Nxf5 24. Rd2 Kg7 25. Rgd1 Re8 26. Nd5 Rd8 27. Kg2 h5 28. Ne3 Nxe3+ 29. fxe3 Rxb2 30. Rxb2 Rxd1 31. a4 Ra1 32. Rb4 Kf6 33. h4 Ke6 34. Kf3 f6 35. Rc4 Kd5 36. Rd4+ Kc5 37. Re4 Kd5 38. Rb4 Ke6 39. Re4+ Kf7 40. Rc4 a5 41. e4 Ke6 42. Rc6+ Ke7 43. Rc7+ Kd6 44. Rg7 Rxa4 45. Kf4 Ra1 46. Rxg6 Rf1+ 47. Ke3 Ke5 48. Rh6 Re1+ 49. Kf3 Rxe4 50. Rxh5+ f5 51. Rh8 a4 52. h5 Kf6 53. Ra8 Kg5 54. Ra5 Rf4+ 55. Kg3 Rg4+ 56. Kf3 Rf4+ 57. Kg3 Rg4+ 58. Kf3 Rh4 59. h6 a3 60. Kg3 Rxh6 61. Rxa3 f4+ 62. Kg2 Kg4 63. Ra8 f3+ 64. Kg1 Re6 65. Kf2 Re2+ 66. Kf1 Re5 67. Kf2 Re2+ 68. Kf1 Re5 69. Kf2 1/2-1/2

[Event "CAN-ch Universities"]
[Site "Montreal CAN"]
[Date "2025.01.25"]
[Round "2.42"]
[White "Rousskikh, Maxim"]
[Black "Hebrard, Emmanuel"]
[Result "1-0"]
[WhiteElo "2137"]
[BlackElo "2002"]
[WhiteFideId "-1"]
[WhiteFideId "-1"]
[PlyCount "67"]
[GameId "2144521137819844"]
[EventDate "2025.01.24"]
[EventType "team"]
[EventRounds "5"]
[EventCountry "CAN"]
[WhiteTeam "U Ottawa A"]
[BlackTeam "U de Montreal A"]

1. d4 Nf6 2. Bg5 Ne4 3. Bf4 f5 4. f3 Nf6 5. Nc3 d5 6. e3 e6 7. Qd2 Be7 8. Be2 a6 9. Nh3 O-O 10. O-O b5 11. Nd1 c5 12. c3 c4 13. Ndf2 Nc6 14. g4 b4 15. Kh1 Kh8 16. Rg1 a5 17. Rg2 fxg4 18. fxg4 Bb7 19. Bf3 Bd6 20. g5 Ne8 21. Ng4 Ne7 22. Rf1 Ng6 23. Rgf2 Qe7 24. Bg2 Nc7 25. Bxd6 Qxd6 26. Nf4 Nh4 27. Ne5 Kg8 28. Bh3 Rae8 29. g6 h6 30. Qe2 Nb5 31. Nf7 Qc6 32. Bxe6 Rxe6 33. Nxe6 Re8 34. Nxh6+ 1-0